<?xml version="1.0" encoding="UTF-8"?>
<record
    xmlns:xsi="http://www.w3.org/2001/XMLSchema-instance"
    xsi:schemaLocation="http://www.loc.gov/MARC21/slim http://www.loc.gov/standards/marcxml/schema/MARC21slim.xsd"
    xmlns="http://www.loc.gov/MARC21/slim">

  <leader>03041nab a2200301uuc4500</leader>
  <controlfield tag="001">1532331</controlfield>
  <controlfield tag="005">20240202132658.0</controlfield>
  <controlfield tag="008">190820e20180305                    eng  </controlfield>
  <datafield tag="035" ind1=" " ind2=" ">
    <subfield code="a">1532331</subfield>
  </datafield>
  <datafield tag="040" ind1=" " ind2=" ">
    <subfield code="c">comduadb</subfield>
  </datafield>
  <datafield tag="041" ind1=" " ind2=" ">
    <subfield code="a">eng</subfield>
  </datafield>
  <datafield tag="100" ind1="1" ind2="0">
    <subfield code="a">Ca&#xF1;adas L&#xF3;pez, &#xC1;lvaro</subfield>
    <subfield code="4">aut</subfield>
    <subfield code="e">aut</subfield>
    <subfield code="9">742623</subfield>
  </datafield>
  <datafield tag="245" ind1="1" ind2="0">
    <subfield code="a">Gap edge attributes in Neotropical rainforest, Ecuador</subfield>
  </datafield>
  <datafield tag="520" ind1="3" ind2=" ">
    <subfield code="a">Aplicar la teor&#xED;a de la din&#xE1;mica de parches parece ser una opci&#xF3;n prometedora para el manejo y conservaci&#xF3;n de los bosques tropicales. En el presente estudio se analiz&#xF3; la distribuci&#xF3;n espacial y el tama&#xF1;o de los parches en relaci&#xF3;n con: i) el n&#xFA;mero de &#xE1;rboles en el borde del parche, ii) el n&#xFA;mero de especies arb&#xF3;reas en el parche iii) n&#xFA;mero de especies arb&#xF3;reas por tronco en el borde del parche, iv) similitud de las especies, v) uniformidad de las especies en el borde del parche, vi) separaci&#xF3;n del tama&#xF1;o en el borde del parche, vii) aislamiento del parche y viii) borde del parche. Nuestros resultados demostraron que la distribuci&#xF3;n espacial de los parches fue aleatoria. Varios atributos de la vegetaci&#xF3;n se asociaron fuertemente con el tama&#xF1;o del parche. El n&#xFA;mero de especies de &#xE1;rboles por fuste en el borde del parche se correlacion&#xF3; negativamente con el tama&#xF1;o del parche. Asumiendo que, nuestros resultados fueron representativos de un bosque neotropical en el Ecuador, nuestro estudio respalda las siguientes recomendaciones: 1) Este tipo de bosque h&#xFA;medo tiene una diversidad espacial y estructural muy compleja; por lo tanto, las actividades de explotaci&#xF3;n forestal deber&#xED;an omitirse, ya que afectar&#xE1;n negativamente sus estructuras. 2) Si la tala es inevitable, entonces deber&#xED;an imitarse las estructuras naturales descritas en este estudio. Es decir, i) una selecci&#xF3;n aleatoria de especies de &#xE1;rboles a cosechar, con el fin de evitar la selecci&#xF3;n espec&#xED;fica por dimensiones del arbolado o por especies, ii) en la distribuci&#xF3;n aleatoria de &#xE1;rboles debe tomarse en cuenta que los parches sean menores a 50 m2y jam&#xE1;s mayores a 400 m2. Adicionalmente, se recomienda no cortar m&#xE1;s del 5 % de la biomasa arb&#xF3;rea en cada per&#xED;odo de corta de entre 10 a 20 a&#xF1;os, para evitar alteraciones mayores en los procesos del ecosistema y la reducci&#xF3;n de madera muerta existente en estos ecosistemas.</subfield>
  </datafield>
  <datafield tag="650" ind1=" " ind2=" ">
    <subfield code="a">Bosques tropicales h&#xFA;medos</subfield>
    <subfield code="9">70484</subfield>
  </datafield>
  <datafield tag="650" ind1=" " ind2=" ">
    <subfield code="a">Ecuador</subfield>
    <subfield code="9">24714</subfield>
  </datafield>
  <datafield tag="650" ind1=" " ind2=" ">
    <subfield code="a">Conservaci&#xF3;n de bosques tropicales</subfield>
    <subfield code="9">196235</subfield>
  </datafield>
  <datafield tag="650" ind1=" " ind2=" ">
    <subfield code="a">Distribuci&#xF3;n espacial</subfield>
    <subfield code="9">68074</subfield>
  </datafield>
  <datafield tag="650" ind1=" " ind2=" ">
    <subfield code="a">Din&#xE1;mica de parches</subfield>
    <subfield code="9">229730</subfield>
  </datafield>
  <datafield tag="650" ind1=" " ind2=" ">
    <subfield code="a">Biomasa forestal</subfield>
    <subfield code="9">20751</subfield>
  </datafield>
  <datafield tag="700" ind1="1" ind2="0">
    <subfield code="a">Rade Loor, Diana</subfield>
    <subfield code="4">aut</subfield>
    <subfield code="e">aut</subfield>
    <subfield code="9">746926</subfield>
  </datafield>
  <datafield tag="700" ind1="1" ind2="0">
    <subfield code="a">Andrade Candell, Joffre</subfield>
    <subfield code="4">aut</subfield>
    <subfield code="e">aut</subfield>
    <subfield code="9">788839</subfield>
  </datafield>
  <datafield tag="700" ind1="1" ind2="0">
    <subfield code="a">Hern&#xE1;ndez D&#xED;az, Jos&#xE9; Ciro</subfield>
    <subfield code="4">aut</subfield>
    <subfield code="e">aut</subfield>
    <subfield code="9">790083</subfield>
  </datafield>
  <datafield tag="700" ind1="1" ind2="0">
    <subfield code="a">Molina Hidrovo, Carlos</subfield>
    <subfield code="4">aut</subfield>
    <subfield code="e">aut</subfield>
    <subfield code="9">731214</subfield>
  </datafield>
  <datafield tag="700" ind1="1" ind2="0">
    <subfield code="a">Zambrano Zambrano, Marcos</subfield>
    <subfield code="4">aut</subfield>
    <subfield code="e">aut</subfield>
    <subfield code="9">788805</subfield>
  </datafield>
  <datafield tag="773" ind1="0" ind2=" ">
    <subfield code="t">Revista de Biolog&#xED;a Tropical (San Jos&#xE9;)</subfield>
    <subfield code="g">Volumen 66, N&#xFA;mero 01, Marzo de 2018, 149-163</subfield>
    <subfield code="w">104773</subfield>
    <subfield code="x">0034-7744</subfield>
    <subfield code="0">91049</subfield>
  </datafield>
  <datafield tag="942" ind1=" " ind2=" ">
    <subfield code="c">ARIMP</subfield>
  </datafield>
  <datafield tag="999" ind1=" " ind2=" ">
    <subfield code="c">805459</subfield>
    <subfield code="d">805459</subfield>
  </datafield>
</record>
